[Event "XIV American Continental"]
[Site "Sao Paulo BRA"]
[Date "2019.07.11"]
[Round "9.23"]
[White "Proudian, Armen"]
[Black "Donoso Diaz, Sebastian"]
[Result "0-1"]
[WhiteElo "2429"]
[BlackElo "2239"]
[EventDate "2019.07.05"]
[PlyCount "102"]
[EventRounds "11"]
[EventCountry "BRA"]

1.e4 c5 2.Nf3 e6 3.d4 cxd4 4.Nxd4 Nc6 5.c4 Nf6 6.Nc3 Bb4 7.Nxc6 bxc6 8.Bd3
e5 9.O-O O-O 10.Be3 d6 11.Na4 Ng4 12.Bc1 Qh4 13.h3 Nf6 14.Qc2 d5 15.a3 Bd6
16.cxd5 cxd5 17.Nc3 Bxh3 18.gxh3 Qxh3 19.f3 Bc5+ 20.Rf2 Qxf3 21.Nxd5 Qg3+ 
22.Kf1 Bxf2 23.Nxf6+ gxf6 24.Qxf2 Qxd3+ 25.Kg1 Qxe4 26.Kh2 Qg6 27.Be3 Qh5+
28.Kg2 f5 29.Rh1 Qg4+ 30.Kf1 Kh8 31.Rh4 Qd1+ 32.Kg2 Rg8+ 33.Kh2 Rg7 34.
Qxf5 Rag8 35.Qf6 Qc2+ 36.Bf2 Qg6 37.Qxg6 Rxg6 38.Bxa7 Rg2+ 39.Kh1 Rxb2 40.
a4 Ra2 41.Bb6 Rc8 42.Rg4 Rc1+ 43.Bg1 h6 44.a5 Rxa5 45.Kh2 Rc2+ 46.Kh1 Kh7 
47.Rg3 f5 48.Rb3 Ra4 49.Rh3 Rc1 50.Kg2 Ra2+ 51.Kh1 Raa1 0-1

[Event "XIV American Continental"]
[Site "Sao Paulo BRA"]
[Date "2019.07.11"]
[Round "9.24"]
[White "Luz, Arthur Nader"]
[Black "Languidey, Simon Alejandro"]
[Result "0-1"]
[WhiteElo "2114"]
[BlackElo "2427"]
[EventDate "2019.07.05"]
[PlyCount "74"]
[EventRounds "11"]
[EventCountry "BRA"]

1.e4 e6 2.d3 d5 3.Nd2 Bc5 4.Ngf3 Nc6 5.c3 a5 6.d4 dxe4 7.Nxe4 Be7 8.Bd3 
Nf6 9.Ng3 O-O 10.O-O b6 11.Qe2 Bb7 12.Bd2 Nb8 13.Rad1 Nbd7 14.Rfe1 Bd6 15.
Ne5 Nd5 16.c4 N5f6 17.a3 h6 18.Bc3 Re8 19.Bb1 Qc8 20.Nh5 Qd8 21.c5 Bxe5 
22.dxe5 Nd5 23.Qc2 Nf8 24.Bd2 Qh4 25.Ng3 Ne7 26.Be3 bxc5 27.Bxc5 Rad8 28.
Bxe7 Qxe7 29.Rc1 Rd7 30.Ne4 Bxe4 31.Qxe4 Rb8 32.Re2 Qd8 33.Qc2 Rb5 34.g3 
Rdd5 35.f4 Rbc5 36.Qxc5 Rxc5 37.Rxc5 Qd4+ 0-1

[Event "XIV American Continental"]
[Site "Sao Paulo BRA"]
[Date "2019.07.11"]
[Round "9.34"]
[White "Carvalho, Felipe Lobo"]
[Black "Almiron, Antonio"]
[Result "0-1"]
[WhiteElo "2106"]
[BlackElo "2402"]
[EventDate "2019.07.05"]
[PlyCount "92"]
[EventRounds "11"]
[EventCountry "BRA"]

1.d4 c5 2.c3 Nf6 3.Nf3 d5 4.Bf4 Qb6 5.Qb3 Nc6 6.e3 c4 7.Qc2 Bf5 8.Qc1 h6 
9.h3 e6 10.Nbd2 Qd8 11.a4 Bd6 12.Bxd6 Qxd6 13.Be2 O-O 14.O-O a6 15.b3 b5 
16.axb5 axb5 17.b4 Nd7 18.Nh4 Bh7 19.f4 Nb6 20.Nhf3 f6 21.Nh4 Rxa1 22.Qxa1
Ra8 23.Qb2 Qe7 24.Ra1 Na4 25.Qc1 e5 26.Bf3 Rd8 27.Bxd5+ Rxd5 28.Nxc4 Rd8 
29.Na3 exd4 30.exd4 Qe2 31.f5 Rc8 32.c4 Nxd4 33.Nxb5 Rxc4 34.Qf4 Qe5 35.
Qxe5 fxe5 36.Rxa4 Nxb5 37.Ng6 Bxg6 38.fxg6 Kf8 39.Kf2 Ke7 40.g4 Kf6 41.
Ra6+ Kg5 42.Kg3 Rc3+ 43.Kg2 Nd4 44.Rd6 Kf4 45.Rd7 Rc2+ 46.Kf1 Nf3 0-1

[Event "XIV American Continental"]
[Site "Sao Paulo BRA"]
[Date "2019.07.11"]
[Round "9.35"]
[White "Mariani, Daniel Brandao"]
[Black "De Borba, Guilherme"]
[Result "0-1"]
[WhiteElo "2062"]
[BlackElo "2330"]
[EventDate "2019.07.05"]
[PlyCount "84"]
[EventRounds "11"]
[EventCountry "BRA"]

1.d4 Nf6 2.c4 g6 3.Nc3 d5 4.cxd5 Nxd5 5.e4 Nxc3 6.bxc3 Bg7 7.Nf3 O-O 8.Be2
b6 9.Be3 Bb7 10.e5 c5 11.Qd2 Nc6 12.Rd1 cxd4 13.cxd4 Qd5 14.O-O Rac8 15.
Bh6 Rfd8 16.Bxg7 Kxg7 17.Rfe1 Rc7 18.Bf1 Rdc8 19.Qf4 Nd8 20.Ng5 h6 21.Nf3 
Ne6 22.Qg3 Qxa2 23.Nh4 Ng5 24.e6 Nxe6 25.d5 Ng5 26.f4 Rc3 27.Bd3 Qxd5 28.
fxg5 Qxg5 29.Rxe7 Rxd3 30.Rxd3 Rc1+ 31.Kf2 Qf6+ 32.Rf3 Bxf3 33.gxf3 Qd4+ 
34.Re3 Kh7 35.f4 Qd1 36.Rd3 Rc2+ 37.Ke3 Qe2+ 38.Kd4 Qe6 39.Re3 Qd6+ 40.Ke4
Qc6+ 41.Kd4 Rd2+ 42.Rd3 Qc5+ 0-1

[Event "XIV American Continental"]
[Site "Sao Paulo BRA"]
[Date "2019.07.11"]
[Round "9.36"]
[White "Aranha Filho, Alvaro Zimmermann"]
[Black "Carvalho, Herbert Abreu"]
[Result "1-0"]
[WhiteElo "2320"]
[BlackElo "2089"]
[EventDate "2019.07.05"]
[PlyCount "103"]
[EventRounds "11"]
[EventCountry "BRA"]

1.d4 Nf6 2.c4 e6 3.Nc3 d5 4.cxd5 exd5 5.Bg5 Be7 6.e3 O-O 7.Bd3 Nbd7 8.Qc2 
c6 9.Nge2 Re8 10.O-O Nf8 11.f3 Be6 12.Rad1 N6d7 13.Bxe7 Qxe7 14.e4 dxe4 
15.fxe4 Nb6 16.Ng3 Rad8 17.Nce2 Qg5 18.Nf5 Bxf5 19.Rxf5 Qe3+ 20.Kh1 Ne6 
21.Rf3 Qg5 22.Rdf1 Rd7 23.d5 cxd5 24.exd5 Nxd5 25.Rg3 Qe7 26.Bxh7+ Kf8 27.
Bf5 Nf6 28.Rh3 Kg8 29.Bh7+ Kf8 30.Bd3 Qb4 31.a3 Qb6 32.Nc3 Red8 33.Qe2 a6 
34.Ne4 Nxe4 35.Qxe4 Ke7 36.Rhf3 Rf8 37.Qh4+ g5 38.Qh7 Kd8 39.Bf5 Re8 40.
Bxe6 Qxe6 41.h3 g4 42.Qh4+ Kc8 43.Rf6 Qe2 44.R6f2 Qe6 45.Rf6 Qe2 46.Rxf7 
Rxf7 47.Rxf7 Qe1+ 48.Qxe1 Rxe1+ 49.Kh2 Re2 50.b4 Re3 51.h4 Rxa3 52.h5 1-0

[Event "XIV American Continental"]
[Site "Sao Paulo BRA"]
[Date "2019.07.11"]
[Round "9.37"]
[White "Torella, Rodolfo"]
[Black "Uribe Arteaga, Daniel"]
[Result "0-1"]
[WhiteElo "2047"]
[BlackElo "2304"]
[EventDate "2019.07.05"]
[PlyCount "124"]
[EventRounds "11"]
[EventCountry "BRA"]

1.e4 g6 2.d4 Bg7 3.c4 c5 4.d5 d6 5.Nf3 Nf6 6.Nc3 O-O 7.Bd3 e5 8.O-O Ne8 9.
Ne1 Nd7 10.f4 exf4 11.Bxf4 Ne5 12.Nf3 Qe7 13.Nxe5 dxe5 14.Be3 f5 15.a3 f4 
16.Bf2 b6 17.Kh1 Bd7 18.Rb1 a5 19.b3 g5 20.Be2 Nf6 21.Qd3 g4 22.b4 axb4 
23.axb4 Ra3 24.Rfc1 cxb4 25.d6 Qe8 26.Rxb4 Qg6 27.Rxb6 Rxc3 28.Rxc3 Nxe4 
29.Be1 g3 30.hxg3 fxg3 31.Bxg3 Nxc3 32.Qxc3 e4 33.Qe1 Qh6+ 34.Bh2 Qe3 35.
Rb1 Rf2 36.Bf1 Qxe1 37.Rxe1 Bc3 38.Rb1 e3 39.Bg3 Ra2 40.Rb3 Bd4 41.Rb7 Bg4
42.d7 Bf6 43.Bd3 Rd2 44.Rb8+ Kg7 45.d8=Q Bxd8 46.Rxd8 Bf5 47.Bxf5 Rxd8 48.
Bg4 Kg6 49.Kg1 Rd4 50.Be2 Rd2 51.Kf1 Kg5 52.Be1 Ra2 53.Bf3 Rc2 54.Bd5 Kf4 
55.Bb4 Ke5 56.Be7 Kd4 57.Be6 Rf2+ 58.Kg1 Rf4 59.Bb4 e2 60.c5 Rf1+ 61.Kh2 
Rf4 62.Ba5 Kxc5 0-1

[Event "XIV American Continental"]
[Site "Sao Paulo BRA"]
[Date "2019.07.11"]
[Round "9.38"]
[White "Jodorcovsky Werjivker, Paulo"]
[Black "Lage, Pedro Ferreira"]
[Result "1/2-1/2"]
[WhiteElo "2228"]
[BlackElo "2050"]
[EventDate "2019.07.05"]
[PlyCount "94"]
[EventRounds "11"]
[EventCountry "BRA"]

1.c4 c6 2.Nf3 d5 3.e3 Nf6 4.Nc3 g6 5.d4 Bg7 6.Be2 O-O 7.O-O Bg4 8.Qb3 Qb6 
9.Qxb6 axb6 10.cxd5 cxd5 11.h3 Bxf3 12.Bxf3 e6 13.Bd2 Nc6 14.Rfc1 Rfc8 15.
Be2 Bf8 16.Be1 Ne8 17.f3 Bh6 18.Bf2 Nd6 19.f4 Na5 20.Na4 b5 21.Nb6 Rxc1+ 
22.Rxc1 Ra6 23.Nc8 Nac4 24.Nxd6 Nxd6 25.a3 Rc6 26.Rxc6 bxc6 27.b3 Bf8 28.
a4 bxa4 29.bxa4 Ne4 30.Be1 Bd6 31.Bd3 Nf6 32.a5 Nd7 33.a6 Bb8 34.Bb4 f5 
35.g4 Kf7 36.gxf5 exf5 37.Kf2 Ke6 38.h4 h5 39.Ke2 Kf7 40.Kd2 Ke8 41.Ba5 
Ke7 42.Kc3 Ke8 43.Bb4 Kd8 44.Ba5+ Ke8 45.Be2 Ke7 46.Bd1 Ba7 47.Be2 Bb8 
1/2-1/2

[Event "XIV American Continental"]
[Site "Sao Paulo BRA"]
[Date "2019.07.11"]
[Round "9.39"]
[White "De Souza, Cristiano Gomes"]
[Black "Fernandez, Maria Florencia"]
[Result "1/2-1/2"]
[WhiteElo "2000"]
[BlackElo "2220"]
[EventDate "2019.07.05"]
[PlyCount "132"]
[EventRounds "11"]
[EventCountry "BRA"]

1.d4 Nf6 2.c4 g6 3.Nc3 Bg7 4.e4 d6 5.Nf3 O-O 6.Be2 e5 7.O-O a6 8.Re1 exd4 
9.Nxd4 Re8 10.Bf1 Nbd7 11.f3 Nh5 12.Be3 a5 13.Rc1 Nc5 14.Qd2 a4 15.Bf2 Nd7
16.Nc2 Ne5 17.Rcd1 Be6 18.b3 axb3 19.axb3 Qf6 20.Nd4 h6 21.Nce2 g5 22.Nxe6
fxe6 23.Ng3 Nf4 24.Be3 Nf7 25.h4 c5 26.hxg5 hxg5 27.e5 Qxe5 28.Ne4 Qb2 29.
Qxb2 Bxb2 30.Nxd6 Nxd6 31.Rxd6 Ra3 32.Rb6 Bd4 33.Rxb7 Rea8 34.Bxd4 cxd4 
35.Rd7 Ra1 36.Rxa1 Rxa1 37.g3 Ne2+ 38.Kf2 Nc1 39.Rxd4 Nxb3 40.Rg4 Ra2+ 41.
Ke3 Kf7 42.Rxg5 Kf6 43.f4 Ra3 44.Bh3 Na5+ 45.Kd4 Ra4 46.Bf1 Nc6+ 47.Kc5 
Ne7 48.Kb5 Ra1 49.Bd3 Ra3 50.Be4 Re3 51.Bh7 Rb3+ 52.Ka4 Rb2 53.Be4 Re2 54.
Re5 Re1 55.c5 Rg1 56.Rg5 Re1 57.Bb7 Rc1 58.Kb5 Nf5 59.c6 e5 60.Rxf5+ Kxf5 
61.Bc8+ Ke4 62.fxe5 Kxe5 63.Bd7 Kd6 64.g4 Rb1+ 65.Kc4 Rg1 66.Kb5 Rb1+ 
1/2-1/2

[Event "XIV American Continental"]
[Site "Sao Paulo BRA"]
[Date "2019.07.11"]
[Round "9.40"]
[White "Albuquerque Junior, Wellington S."]
[Black "Pereira, Geanfrancesco"]
[Result "1-0"]
[WhiteElo "2204"]
[BlackElo "2068"]
[EventDate "2019.07.05"]
[PlyCount "75"]
[EventRounds "11"]
[EventCountry "BRA"]

1.d4 Nf6 2.Nf3 c6 3.c4 g6 4.Nc3 Bg7 5.g3 O-O 6.Bg2 b6 7.O-O Bb7 8.e4 d6 9.
e5 dxe5 10.Nxe5 Qe8 11.Qe2 Nbd7 12.Re1 e6 13.Ne4 Nxe4 14.Qxe4 Nxe5 15.dxe5
Rb8 16.Bg5 c5 17.Qh4 Bxg2 18.Kxg2 Qc6+ 19.Qe4 Qxe4+ 20.Rxe4 b5 21.Be7 Rfc8
22.Bd6 Rb7 23.cxb5 Rxb5 24.b3 Bf8 25.Bxf8 Kxf8 26.Rc1 Rd8 27.Rc2 Rd5 28.f4
Ke7 29.Ra4 a5 30.Rac4 Kd7 31.a4 Rxb3 32.Rxc5 Rb4 33.Rc7+ Ke8 34.Ra7 Rxa4 
35.Rc8+ Rd8 36.Rcc7 Ra2+ 37.Kh3 h5 38.Rxf7 1-0

[Event "XIV American Continental"]
[Site "Sao Paulo BRA"]
[Date "2019.07.11"]
[Round "9.41"]
[White "Japiassu, Ricardo de Villa Nova"]
[Black "Labussiere, Victor"]
[Result "0-1"]
[WhiteElo "1990"]
[BlackElo "2194"]
[EventDate "2019.07.05"]
[PlyCount "70"]
[EventRounds "11"]
[EventCountry "BRA"]

1.c4 c5 2.g3 Nf6 3.Bg2 d5 4.cxd5 Nxd5 5.Nc3 Nc7 6.Nf3 Nc6 7.O-O e5 8.d3 
Be7 9.Nd2 Bd7 10.Nc4 f6 11.f4 b5 12.Ne3 exf4 13.gxf4 O-O 14.f5 Kh8 15.a4 
a6 16.Ned5 Nxd5 17.Nxd5 Bd6 18.Kh1 Rb8 19.axb5 axb5 20.e4 Be8 21.Qf3 Nd4 
22.Qg4 Nb3 23.Ra6 Nxc1 24.Rxc1 Bf7 25.Ra7 Ra8 26.Rca1 Rxa7 27.Rxa7 Qe8 28.
Nc3 Bb8 29.Ra5 b4 30.Nd1 Qd8 31.Ra1 Qxd3 32.Qf3 Qd6 33.Qg3 Qxg3 34.hxg3 
Bxg3 35.Ne3 Be5 0-1

[Event "XIV American Continental"]
[Site "Sao Paulo BRA"]
[Date "2019.07.11"]
[Round "9.42"]
[White "Gonzalez, Bolivar Ribeiro"]
[Black "Caceres, Diego"]
[Result "1/2-1/2"]
[WhiteElo "2193"]
[BlackElo "2087"]
[EventDate "2019.07.05"]
[PlyCount "46"]
[EventRounds "11"]
[EventCountry "BRA"]

1.d4 Nf6 2.g3 c5 3.c3 e6 4.Bg2 d5 5.Nf3 Be7 6.O-O O-O 7.Nbd2 Nc6 8.Re1 b6 
9.e4 cxd4 10.Nxd4 Nxd4 11.cxd4 dxe4 12.Nxe4 Nd5 13.a3 Bb7 14.Qh5 Qd7 15.
Bd2 Nf6 16.Qe2 Nxe4 17.Bxe4 Bxe4 18.Qxe4 Rfd8 19.Bc3 Qd5 20.Rad1 Bf6 21.
Qxd5 Rxd5 22.Rd2 Rad8 23.Red1 g6 1/2-1/2

[Event "XIV American Continental"]
[Site "Sao Paulo BRA"]
[Date "2019.07.11"]
[Round "9.43"]
[White "Aguilar, Luis Miguel"]
[Black "Silva, Kaua Marques"]
[Result "1-0"]
[WhiteElo "2175"]
[BlackElo "1965"]
[EventDate "2019.07.05"]
[PlyCount "67"]
[EventRounds "11"]
[EventCountry "BRA"]

1.g3 c5 2.Bg2 g6 3.c4 Nc6 4.Nc3 Bg7 5.Nf3 d6 6.O-O e5 7.a3 Nge7 8.Rb1 a5 
9.d3 O-O 10.Nd2 Be6 11.Nd5 Rb8 12.b3 Qd7 13.Bb2 h6 14.Bc3 b5 15.Nxe7+ Nxe7
16.cxb5 Qxb5 17.Nc4 Bxc4 18.bxc4 Qd7 19.Bxa5 Rxb1 20.Qxb1 Qa4 21.Bc7 Nc8 
22.Qb8 Qxa3 23.Bxd6 Nxd6 24.Qxd6 Qb2 25.Bf3 Rc8 26.Bd5 Qd4 27.Rb1 Rf8 28.
e3 Qg4 29.Qxc5 Qf5 30.Qd6 Kh7 31.Be4 Qh3 32.c5 f5 33.Rb7 Ra8 34.Rxg7+ 1-0

[Event "XIV American Continental"]
[Site "Sao Paulo BRA"]
[Date "2019.07.11"]
[Round "9.44"]
[White "Carvalho Fattoruso, Guillermo"]
[Black "Bil Ramos, Angelo"]
[Result "1-0"]
[WhiteElo "2162"]
[BlackElo "1937"]
[EventDate "2019.07.05"]
[PlyCount "87"]
[EventRounds "11"]
[EventCountry "BRA"]

1.d4 Nf6 2.Nf3 g6 3.g3 d5 4.Bg2 Bg7 5.O-O O-O 6.c4 c6 7.b3 Bf5 8.Bb2 Nbd7 
9.e3 dxc4 10.bxc4 Qb6 11.Qb3 c5 12.Nc3 Ne4 13.Nd5 Qd6 14.Rad1 e6 15.Nf4 
Qe7 16.Nh4 Rab8 17.Nxf5 gxf5 18.a4 Rfc8 19.Ba3 Qe8 20.d5 e5 21.Nh5 Bh8 22.
g4 f6 23.f3 Nd6 24.Ng3 Qg6 25.gxf5 Nxf5 26.Nxf5 Qxf5 27.e4 Qh5 28.f4 Bg7 
29.Qh3 Qe8 30.Bf3 exf4 31.Bg4 Qg6 32.Qg2 Rd8 33.Be6+ Kh8 34.Rxf4 Qxg2+ 35.
Kxg2 Ne5 36.Bxc5 b6 37.Bd4 Nxc4 38.Rc1 Ne5 39.Rc7 a5 40.Bxe5 fxe5 41.Rff7 
Rg8 42.Rfd7 Rbc8 43.Bxg8 Rxc7 44.Rxc7 1-0

[Event "XIV American Continental"]
[Site "Sao Paulo BRA"]
[Date "2019.07.11"]
[Round "9.45"]
[White "Medrano, Mario"]
[Black "Rangel, Daniel"]
[Result "1-0"]
[WhiteElo "1960"]
[BlackElo "2325"]
[EventDate "2019.07.05"]
[PlyCount "123"]
[EventRounds "11"]
[EventCountry "BRA"]

1.e4 c5 2.Nc3 g6 3.Nf3 Bg7 4.g3 Nc6 5.Bg2 d6 6.d3 e5 7.O-O Nge7 8.Be3 O-O 
9.Qd2 Nd4 10.Bh6 Bg4 11.Bxg7 Kxg7 12.Nxd4 cxd4 13.Nd5 Nxd5 14.exd5 Rc8 15.
f4 f6 16.Rf2 Qb6 17.b3 Qc7 18.Raf1 Qd7 19.Qb4 b6 20.a4 Rc5 21.fxe5 dxe5 
22.c4 dxc3 23.d4 exd4 24.Qxd4 Bf5 25.g4 c2 26.Rc1 Bxg4 27.Rfxc2 Rxc2 28.
Rxc2 Rc8 29.Rc4 Bh3 30.Rxc8 Qxc8 31.Bxh3 Qxh3 32.d6 Qd7 33.b4 h5 34.b5 h4 
35.Qd5 h3 36.Kf2 g5 37.Qc6 Qf5+ 38.Kg3 Qd3+ 39.Kg4 Qf1 40.d7 Qg2+ 41.Kf5 
Qf2+ 42.Kg4 Qh4+ 43.Kf3 Qf4+ 44.Ke2 Qxh2+ 45.Kd3 Qg3+ 46.Kc2 Qf2+ 47.Kd3 
Qf5+ 48.Kd2 Qf4+ 49.Kd3 Qf5+ 50.Kd2 Qf2+ 51.Kd3 Qg3+ 52.Kd2 Qf4+ 53.Kd3 
Qxa4 54.Qc7 Qxb5+ 55.Kd2 Qd5+ 56.Ke3 Qb3+ 57.Kf2 Qa2+ 58.Ke3 Qe6+ 59.Kf2 
Qf5+ 60.Ke3 Qf4+ 61.Qxf4 gxf4+ 62.Kf2 1-0

[Event "XIV American Continental"]
[Site "Sao Paulo BRA"]
[Date "2019.07.11"]
[Round "9.46"]
[White "Carvalho, Rafael Cunha de"]
[Black "Pereira, Silvio Cunha"]
[Result "0-1"]
[WhiteElo "2096"]
[BlackElo "2220"]
[EventDate "2019.07.05"]
[PlyCount "106"]
[EventRounds "11"]
[EventCountry "BRA"]

1.Nf3 g6 2.c4 f5 3.Nc3 Bg7 4.d4 d6 5.g3 c6 6.Bg2 Nh6 7.O-O O-O 8.d5 e5 9.
dxc6 bxc6 10.Bg5 Qc7 11.Rc1 Nf7 12.Be3 Nd7 13.Ng5 Nxg5 14.Bxg5 Nb6 15.c5 
dxc5 16.Na4 Nxa4 17.Qxa4 Rb8 18.Rxc5 Rxb2 19.Rxc6 Qf7 20.Rd1 e4 21.Rc2 
Rxc2 22.Qxc2 Be6 23.Qa4 Bc3 24.h4 Rc8 25.Bd2 Rc4 26.Qb5 Rd4 27.Qb8+ Qf8 
28.Qxf8+ Kxf8 29.Bh6+ Ke7 30.Rc1 Bb2 31.Rc7+ Rd7 32.Bg5+ Kd6 33.Bf4+ Be5 
34.Bxe5+ Kxe5 35.Rc5+ Rd5 36.Rc7 Ra5 37.Rxh7 Rxa2 38.h5 gxh5 39.Rxh5 Bf7 
40.Rh7 Bc4 41.f4+ Kd4 42.Rh5 Ra1+ 43.Kh2 Bxe2 44.Rxf5 Bf3 45.Kh3 Rg1 46.
Ra5 Rxg2 47.f5 Rg1 48.Kh4 e3 49.f6 Rh1+ 50.Kg5 Rh5+ 51.Kf4 Rxa5 52.f7 Be4 
53.g4 Ra1 0-1

[Event "XIV American Continental"]
[Site "Sao Paulo BRA"]
[Date "2019.07.11"]
[Round "9.47"]
[White "Araujo, Sergio Murilo"]
[Black "Sega, Carlos Alberto"]
[Result "1-0"]
[WhiteElo "2090"]
[BlackElo "2220"]
[EventDate "2019.07.05"]
[PlyCount "65"]
[EventRounds "11"]
[EventCountry "BRA"]

1.d4 Nf6 2.c4 e6 3.Nc3 Bb4 4.Qc2 O-O 5.Nf3 d6 6.e3 b6 7.Be2 Bb7 8.O-O Bxc3
9.Qxc3 Ne4 10.Qc2 Nd7 11.b3 f5 12.Bb2 Rf6 13.d5 Rg6 14.Rad1 e5 15.g3 Qe7 
16.Kh1 Rf8 17.Nh4 Rgf6 18.f3 Nec5 19.b4 Na6 20.a3 Nab8 21.f4 g6 22.Nf3 Re8
23.Rfe1 c6 24.Qb3 cxd5 25.cxd5 h6 26.Kg1 Kh7 27.Bb5 a6 28.fxe5 dxe5 29.Bf1
Qf7 30.Bg2 Rd6 31.Nd2 Bxd5 32.Bxd5 Rxd5 33.e4 1-0

[Event "XIV American Continental"]
[Site "Sao Paulo BRA"]
[Date "2019.07.11"]
[Round "9.48"]
[White "Curi Milia, Gabriel"]
[Black "Cordero Loup, Ely Daniela"]
[Result "1-0"]
[WhiteElo "2185"]
[BlackElo "2076"]
[EventDate "2019.07.05"]
[PlyCount "101"]
[EventRounds "11"]
[EventCountry "BRA"]

1.d4 e6 2.c4 f5 3.g3 Nf6 4.Bg2 c6 5.Nf3 d5 6.O-O Bd6 7.Nc3 O-O 8.Qc2 Ne4 
9.Rb1 Nd7 10.b4 a6 11.c5 Bc7 12.Bf4 Bxf4 13.gxf4 Ndf6 14.a4 Bd7 15.Ne5 Be8
16.Na2 Nh5 17.e3 Kh8 18.Nc1 Rg8 19.f3 Nef6 20.b5 axb5 21.axb5 g5 22.fxg5 
Rxg5 23.Ncd3 f4 24.exf4 Rg7 25.b6 Nd7 26.f5 exf5 27.f4 Nhf6 28.Ra1 Rb8 29.
Nb4 Ne4 30.Ra7 Ndf6 31.Qd3 Ng4 32.Qh3 Nd2 33.Rd1 Nxe5 34.fxe5 Qg5 35.Ra2 
Nc4 36.Nd3 Bh5 37.Rf1 Bg4 38.Qg3 h5 39.Qf4 Qe7 40.Qh6+ Kg8 41.Nf4 Rh7 42.
Qg6+ Rg7 43.Qe6+ Qf7 44.Qxf7+ Kxf7 45.h3 Ne3 46.Re1 Nxg2 47.Rxg2 Ra8 48.
hxg4 hxg4 49.Rh2 Ra4 50.Rh6 Rxd4 51.Ne6 1-0

[Event "XIV American Continental"]
[Site "Sao Paulo BRA"]
[Date "2019.07.11"]
[Round "9.49"]
[White "Fiaes, Mario Henrique Andrade"]
[Black "Markzon, Gregory"]
[Result "0-1"]
[WhiteElo "2173"]
[BlackElo "2059"]
[EventDate "2019.07.05"]
[PlyCount "130"]
[EventRounds "11"]
[EventCountry "BRA"]

1.d4 Nf6 2.c4 e6 3.Nf3 c5 4.d5 b5 5.dxe6 fxe6 6.cxb5 d5 7.g3 Bd6 8.Bg2 O-O
9.O-O Bb7 10.Nc3 d4 11.Na4 Qe7 12.b4 cxb4 13.Qxd4 e5 14.Qh4 Nbd7 15.Rd1 
Rac8 16.Bh3 Rc2 17.Ne1 Rc7 18.Bg5 h6 19.Bxf6 Nxf6 20.Rac1 Rxc1 21.Rxc1 Bd5
22.Nd3 Qb7 23.Nxb4 Bf7 24.Nc3 e4 25.Nc6 Re8 26.Rd1 Bf8 27.Bf5 Qb6 28.Nxe4 
Rxe4 29.Bxe4 g5 30.Qh3 Nxe4 31.Qf5 Nd6 32.Qe5 Qxb5 33.Ne7+ Bxe7 34.Qxe7 
Nf5 35.Rd8+ Kg7 36.Qe4 Qc5 37.Rd7 Kf6 38.Qd3 Be6 39.Rd8 Qc1+ 40.Kg2 Qc4 
41.Qxc4 Bxc4 42.e4 Ng7 43.a3 Ne6 44.Rc8 Bd3 45.f3 g4 46.Rc6 Ke7 47.Rc3 
gxf3+ 48.Kxf3 Bb5 49.Rc8 a6 50.Rh8 Ng5+ 51.Kf4 Nf7 52.Rb8 h5 53.Rb6 Nd6 
54.a4 Be2 55.e5 Nf7 56.Rc6 Nd8 57.Rb6 Ne6+ 58.Ke3 Bf1 59.Rb7+ Kf8 60.Rh7 
Ng7 61.Rh6 Nf5+ 62.Kf2 Nxh6 63.Kxf1 Ng4 64.Kg2 Nxe5 65.Kh3 Kg7 0-1

[Event "XIV American Continental"]
[Site "Sao Paulo BRA"]
[Date "2019.07.11"]
[Round "9.51"]
[White "Moreira, Ronaldo Alonso"]
[Black "Caetano, Ryan Wesley da Costa"]
[Result "1/2-1/2"]
[WhiteElo "2058"]
[BlackElo "2155"]
[EventDate "2019.07.05"]
[PlyCount "101"]
[EventRounds "11"]
[EventCountry "BRA"]

1.d4 Nf6 2.c4 g6 3.Nc3 d5 4.Bf4 Bg7 5.e3 O-O 6.Rc1 c6 7.Bd3 dxc4 8.Bxc4 
Bf5 9.Nf3 Bg4 10.h3 Bxf3 11.Qxf3 Nbd7 12.O-O Qa5 13.Bb3 e5 14.dxe5 Nxe5 
15.Qe2 Ned7 16.a3 Nc5 17.Ba2 Ne6 18.Bh2 Rfe8 19.Rfd1 Rad8 20.Rxd8 Rxd8 21.
Rd1 Re8 22.Qc2 a6 23.Bd6 Bf8 24.b4 Qh5 25.Bxf8 Nxf8 26.Ne2 Qe5 27.Qc3 Qe7 
28.Nf4 g5 29.Nd3 Ne4 30.Qc2 Rd8 31.Nb2 Rxd1+ 32.Nxd1 Ng6 33.Bb1 Nf6 34.Nb2
g4 35.Qf5 g3 36.fxg3 Qxe3+ 37.Kh2 Kg7 38.Qd3 Nd5 39.Qxe3 Nxe3 40.Na4 Nc4 
41.Nc5 Nxa3 42.Be4 b6 43.Nxa6 Ne7 44.g4 h6 45.Kg3 Kf6 46.Nb8 c5 47.bxc5 
bxc5 48.Nd7+ Kg7 49.Nxc5 Nb5 50.Kf4 f6 51.Nd3 1/2-1/2

[Event "XIV American Continental"]
[Site "Sao Paulo BRA"]
[Date "2019.07.11"]
[Round "9.52"]
[White "De Arruda Filho, Nivaldo Jesus"]
[Black "Campelo, Leandro Fabricio"]
[Result "1/2-1/2"]
[WhiteElo "2045"]
[BlackElo "2155"]
[EventDate "2019.07.05"]
[PlyCount "50"]
[EventRounds "11"]
[EventCountry "BRA"]

1.c4 g6 2.g3 Bg7 3.Bg2 Nf6 4.Nf3 O-O 5.O-O d6 6.Nc3 e5 7.d3 Nc6 8.Rb1 a5 
9.a3 Re8 10.b4 axb4 11.axb4 e4 12.Ng5 exd3 13.exd3 Bg4 14.Qd2 Nd4 15.h3 
Bc8 16.Kh2 c6 17.Nf3 Nxf3+ 18.Bxf3 Bf5 19.b5 Qc7 20.Nd1 Nd7 21.Bb2 Ne5 22.
Bxe5 Bxe5 23.Ne3 Bd7 24.Ng4 Bxg4 25.hxg4 Bg7 1/2-1/2

[Event "XIV American Continental"]
[Site "Sao Paulo BRA"]
[Date "2019.07.11"]
[Round "9.53"]
[White "Urquiza, Marcello de Albuquerque"]
[Black "Federzoni, Enzo"]
[Result "0-1"]
[WhiteElo "2043"]
[BlackElo "2140"]
[EventDate "2019.07.05"]
[PlyCount "71"]
[EventRounds "11"]
[EventCountry "BRA"]

1.e4 c5 2.Nf3 d6 3.d4 cxd4 4.Qxd4 Nc6 5.Bb5 Bd7 6.Bxc6 Bxc6 7.Nc3 e5 8.Qd3
h6 9.Nd2 Nf6 10.Nc4 b5 11.Ne3 Be7 12.Nf5 g6 13.Nxe7 Qxe7 14.O-O b4 15.Nd5 
Bxd5 16.exd5 Qb7 17.Rd1 Kf8 18.c4 bxc3 19.bxc3 Kg7 20.Ba3 Qc7 21.Rac1 Nd7 
22.c4 Nc5 23.Qe3 Rad8 24.f4 e4 25.Bb2+ f6 26.g4 Nd3 27.Rxd3 exd3 28.g5 
Rhe8 29.Bxf6+ Kh7 30.Qxd3 Qd7 31.h3 h5 32.Kg2 Qf5 33.Qxf5 gxf5 34.Kf3 Re4 
35.c5 Ra4 36.cxd6 0-1

[Event "XIV American Continental"]
[Site "Sao Paulo BRA"]
[Date "2019.07.11"]
[Round "9.54"]
[White "Freitas, Remulo Aguiar"]
[Black "Santos Filho, Tadeu Sousa"]
[Result "0-1"]
[WhiteElo "2129"]
[BlackElo "2057"]
[EventDate "2019.07.05"]
[PlyCount "88"]
[EventRounds "11"]
[EventCountry "BRA"]

1.d4 Nf6 2.Bg5 Ne4 3.Bf4 d5 4.f3 Nf6 5.Nc3 c5 6.e3 e6 7.Nh3 a6 8.a4 Nc6 9.
Ne2 Be7 10.c3 Nh5 11.Nc1 b6 12.Nd3 Nxf4 13.Nhxf4 f6 14.Nf2 Qd6 15.Qd2 Na5 
16.Ra3 c4 17.Ne2 Bb7 18.Nc1 e5 19.Be2 exd4 20.exd4 Bc6 21.Ra1 Qd7 22.Qc2 
O-O 23.O-O Bd6 24.b4 cxb3 25.Nxb3 Bxa4 26.Rfb1 Nxb3 27.Rxb3 Bxb3 28.Qxb3 
b5 29.Qxd5+ Kh8 30.g3 Rfd8 31.Qh5 Qe8 32.f4 Qxh5 33.Bxh5 Rdc8 34.Bf3 Ra7 
35.Ne4 Be7 36.f5 b4 37.cxb4 Bxb4 38.d5 a5 39.Bd1 Rc4 40.Nf2 Rd4 41.Rc1 g6 
42.fxg6 hxg6 43.Ba4 Kg7 44.Bc6 a4 0-1

[Event "XIV American Continental"]
[Site "Sao Paulo BRA"]
[Date "2019.07.11"]
[Round "9.55"]
[White "Do Nascimento, Christian Almeida"]
[Black "Andrade, Roberto Luiz Costa"]
[Result "1-0"]
[WhiteElo "2033"]
[BlackElo "2123"]
[EventDate "2019.07.05"]
[PlyCount "57"]
[EventRounds "11"]
[EventCountry "BRA"]

1.d4 d5 2.Nf3 c5 3.g3 cxd4 4.Bg2 Nf6 5.O-O g6 6.Qxd4 Nc6 7.Qh4 h6 8.Rd1 
Bg7 9.Qa4 Bd7 10.Qa3 O-O 11.Nc3 Bf5 12.Nxd5 Nxd5 13.c4 Ndb4 14.Rxd8 Raxd8 
15.Qa4 Nc2 16.g4 Rd1+ 17.Bf1 Rfd8 18.gxf5 Nxa1 19.Be3 gxf5 20.Qb5 R8d6 21.
Nh4 e6 22.Qxb7 Rb1 23.c5 Rdd1 24.Qxc6 Rxf1+ 25.Kg2 Rg1+ 26.Kh3 Bf6 27.Nxf5
Bg7 28.Qe8+ Bf8 29.Nxh6+ 1-0

[Event "XIV American Continental"]
[Site "Sao Paulo BRA"]
[Date "2019.07.11"]
[Round "9.56"]
[White "Montero Martinez, Cristhian"]
[Black "De Borba, Gabriel"]
[Result "1-0"]
[WhiteElo "1991"]
[BlackElo "2116"]
[EventDate "2019.07.05"]
[PlyCount "61"]
[EventRounds "11"]
[EventCountry "BRA"]

1.d4 Nf6 2.Nf3 g6 3.Bf4 Bg7 4.Nc3 d5 5.Qd2 O-O 6.O-O-O c6 7.Ne5 b5 8.f3 b4
9.Na4 a5 10.Bh6 Qc7 11.g4 Nbd7 12.Bf4 Qb7 13.h4 h5 14.Bh3 Qb5 15.b3 e6 16.
Rdg1 Nb6 17.Bf1 Nxa4 18.e3 Qb6 19.bxa4 c5 20.Bb5 cxd4 21.exd4 Rd8 22.Bg5 
hxg4 23.h5 gxh5 24.Bxf6 Bxf6 25.Rxh5 Kf8 26.Rxg4 Bb7 27.Rh7 Bxe5 28.dxe5 
Bc6 29.Qh6+ Ke7 30.Rxf7+ Kxf7 31.Rg7+ 1-0